Master survey of agriculture in East Pakistan. (Record no. 84738)

MARC details
000 -LEADER
fixed length control field 00830cam a2200241 a 4500
001 - CONTROL NUMBER
control field sa 68012765
003 - CONTROL NUMBER IDENTIFIER
control field DLC
005 - DATE AND TIME OF LATEST TRANSACTION
control field 20260227112615.0
008 - FIXED-LENGTH DATA ELEMENTS--GENERAL INFORMATION
fixed length control field 691104m19659999bg ab s f000 0 eng
010 ## - LIBRARY OF CONGRESS CONTROL NUMBER
LC control number sa 68012765
025 ## - OVERSEAS ACQUISITION NUMBER
Overseas acquisition number PL480:EP-E-454
040 ## - CATALOGING SOURCE
Original cataloging agency DLC
Transcribing agency DLC
Modifying agency DLC
043 ## - GEOGRAPHIC AREA CODE
Geographic area code a-bg---
050 00 - LIBRARY OF CONGRESS CALL NUMBER
Classification number HN690.6.A85
Item number E38 1965
082 00 - DEWEY DECIMAL CLASSIFICATION NUMBER
Classification number 309.1/549/2
110 1# - MAIN ENTRY--CORPORATE NAME
Corporate name or jurisdiction name as entry element East Pakistan (Pakistan).
Subordinate unit Bureau of Statistics.
245 10 - TITLE STATEMENT
Title Master survey of agriculture in East Pakistan.
260 ## - PUBLICATION, DISTRIBUTION, ETC.
Place of publication, distribution, etc. Dacca :
Name of publisher, distributor, etc. Officer on Special Duty, Services and General Administration Dept.,
Date of publication, distribution, etc. 1965-
300 ## - PHYSICAL DESCRIPTION
Extent v. <1> :
Other physical details ill., maps. ;
Dimensions 25 cm.
500 ## - GENERAL NOTE
General note Cover title.
505 1# - FORMATTED CONTENTS NOTE
Formatted contents note [1] Report on first round : a sample study of the basic characteristics of villages in East Pakistan
650 #0 - SUBJECT ADDED ENTRY--TOPICAL TERM
Topical term or geographic name entry element Villages
Geographic subdivision Bangladesh
Form subdivision Statistics.

No items available.

Powered by Koha